000 00278nam a22001217a 4500
008 180222b xxu||||| |||| 00| 0 eng d
041 _aeng
080 _a32
100 _a23
101 _apol
245 _apolitical economy and laissez faire
_crajani.k.k
942 _2udc
_cBK
999 _c43164
_d43164